| 000 | 01160nam a2200289 i 4500 | ||
|---|---|---|---|
| 001 | bg | ||
| 003 | KOSZ 005 | ||
| 005 | 20200504143726.0 | ||
| 008 | 081023s1957 pl a f 000 0 pol | ||
| 015 | _aPB 1957/3880 | ||
| 040 |
_aWA N _cKOSZ 005/RW _dKOSZ 005/RW |
||
| 041 | 1 |
_apol _hrus |
|
| 080 | _a658.2/.5:69 | ||
| 100 | 1 | _aNebol'sin, Ivan Stepanovič. | |
| 245 | 1 | 0 |
_aProdukcyjno-techniczne i gospodarcze zaplecze budownictwa / _cJ. S. Niebolsin ; przetł. Witold Bielski. |
| 246 | 1 |
_iTyt. oryg.: _aProizvodstvennaâ i tehničeskaâ baza stroitel'stva. |
|
| 260 |
_aWarszawa : _bBudownictwo i Architektura, _c1957. |
||
| 300 |
_a353, [2] s., [1] k. tabl. : _bil., err. ; _c24 cm. |
||
| 380 | _aKsiążki. | ||
| 504 | _aBibliogr. s. [355]. | ||
| 521 | 8 | _aDla projektantów, kalkulatorów, planistów, organizatorów i wykonawców pracujących w budownictwie. | |
| 650 | 4 |
_aBudownictwo _xorganizacja. |
|
| 700 | 1 |
_aBielski, Witold. _eTł. |
|
| 710 | 2 |
_aBudownictwo i Architektura _4pbl. |
|
| 856 |
_uhttp://koha.tu.koszalin.pl/cgi-bin/koha/opac-detail.pl?biblionumber=10772 _yKatalog online BPK |
||
| 942 |
_2UKD _cKS |
||
| 999 |
_c10772 _d10772 |
||